[Event "Berks & Bucks Challengers op"]
[Site "Maidenhead"]
[Date "2024.08.24"]
[Round "2"]
[White "Horwood, Alexander"]
[Black "Poliakov, Andrii"]
[Result "1-0"]
[WhiteElo "1538"]
[BlackElo "1708"]
[PlyCount "145"]
[EventDate "2024.08.24"]
[EventType "swiss"]
[EventRounds "6"]
[EventCountry "ENG"]
[SourceTitle "CBM 221 Extra"]
[Source "ChessBase"]
[SourceDate "2024.09.30"]
[SourceVersion "1"]
[SourceVersionDate "2024.09.30"]
[SourceQuality "1"]

1. e4 e5 2. Nf3 Nc6 3. d4 exd4 4. Nxd4 d6 5. Nc3 Nf6 6. Bg5 Be7 7. Bb5 Bd7 8. Nxc6 Bxc6 9. Bxc6+ bxc6 10. Qf3 Nd7 11. Bxe7 Qxe7 12. 0-0 0-0 13. Rad1 Ne5 14. Qe2 Rfe8 15. Rfe1 Qh4 16. f3 Re6 17. Qf2 Qe7 18. Qe2 Rg6 19. b3 Qf6 20. Rf1 Qh4 21. Qf2 Qf4 22. Ne2 Qf6 23. Ng3 Qd8 24. Qd4 Re6 25. Rd2 Kh8 26. Nf5 f6 27. c4 Qf8 28. Rfd1 c5 29. Qc3 Nc6 30. a3 a5 31. Qd3 Rb8 32. Qd5 Qe8 33. Rb2 a4 34. Rdb1 axb3 35. Rxb3 Rxb3 36. Rxb3 Re5 37. Qd2 h6 38. Qb2 Rxf5 39. h3 Re5 40. a4 Nb4 41. a5 f5 42. exf5 Rxf5 43. Qa1 Re5 44. Rb1 Re2 45. a6 Qe3+ 46. Kh1 Ra2 47. Qxa2 Nxa2 48. a7 Qd3 49. a8Q+ Kh7 50. Qxa2 c6 51. Qb3 Qd2 52. Rd1 Qf4 53. Qb1+ Kg8 54. Qb8+ Kh7 55. Qxd6 Qf7 56. Qxc6 h5 57. Qxc5 Qf6 58. Qxh5+ Kg8 59. c5 g6 60. Qd5+ Kg7 61. Qd4 Qxd4 62. Rxd4 Kh6 63. c6 Kh5 64. c7 Kg5 65. c8Q Kh6 66. Qh8+ Kg5 67. Rg4+ Kf5 68. Qf8+ Ke5 69. Re4+ Kd5 70. Qd8+ Kc5 71. Re1 g5 72. Rc1+ Kb4 73. Qb8+ 1-0

[Event "BCF-ch U12 rapid"]
[Site "Hull"]
[Date "2024.07.27"]
[Round "9"]
[White "Rughani, Mahin"]
[Black "Poliakov, Andrii"]
[Result "1/2-1/2"]
[WhiteElo "1741"]
[BlackElo "1606"]
[PlyCount "114"]
[EventDate "2024.07.26"]
[EventType "swiss (rapid)"]
[EventRounds "9"]
[EventCountry "ENG"]
[SourceTitle "CBM 221 Extra"]
[Source "ChessBase"]
[SourceDate "2024.09.30"]
[SourceVersion "1"]
[SourceVersionDate "2024.09.30"]
[SourceQuality "1"]

1. d4 d5 2. Bf4 Bf5 3. e3 Nf6 4. Bd3 Bg6 5. Nf3 e6 6. c3 c5 7. Ne5 c4 8. Bc2 Be7 9. Nd2 Nbd7 10. h3 Nxe5 11. dxe5 Bxc2 12. Qxc2 Nd7 13. e4 Bg5 14. Bh2 Bxd2+ 15. Qxd2 Nc5 16. exd5 Nd3+ 17. Kf1 Qxd5 18. b3 0-0 19. f3 Rfd8 20. f4 cxb3 21. axb3 Qxb3 22. Bg1 Qc4 23. Bd4 Nxf4+ 24. Kf2 Nd3+ 25. Kg3 Nxe5 26. Rhf1 Ng6 27. Kh2 e5 28. Qf2 exd4 29. cxd4 Rxd4 30. Rac1 Qd5 31. Qe3 Qe5+ 32. Qxe5 Nxe5 33. Rc7 Rd7 34. Rc5 f6 35. g4 Rad8 36. g5 Rd2+ 37. Kg1 Rd1 38. gxf6 Rxf1+ 39. Kxf1 gxf6 40. Rc7 Rd7 41. Rc8+ Kf7 42. Rh8 Kg7 43. Ra8 a6 44. Rc8 Kg6 45. Rg8+ Rg7 46. Rd8 f5 47. Rd6+ Kg5 48. Kg2 Kf4+ 49. Rg6 Rxg6+ 50. Kf2 Rg3 51. h4 Nd3+ 52. Ke2 Ke4 53. h5 Nf4+ 54. Ke1 Rg2 55. h6 Nd5 56. Kd1 Kd3 57. Kc1 Nc3 1/2-1/2

[Event "BCF-ch U12 rapid"]
[Site "Hull"]
[Date "2024.07.26"]
[Round "6"]
[White "Vinayak, Yogam"]
[Black "Poliakov, Andrii"]
[Result "0-1"]
[WhiteElo "827"]
[BlackElo "1606"]
[PlyCount "80"]
[EventDate "2024.07.26"]
[EventType "swiss (rapid)"]
[EventRounds "9"]
[EventCountry "ENG"]
[SourceTitle "CBM 221 Extra"]
[Source "ChessBase"]
[SourceDate "2024.09.30"]
[SourceVersion "1"]
[SourceVersionDate "2024.09.30"]
[SourceQuality "1"]

1. e4 e5 2. c3 Nc6 3. Nf3 d6 4. d4 exd4 5. cxd4 Bg4 6. Be2 Nf6 7. Qc2 Bxf3 8. Bxf3 Nxd4 9. Qa4+ Nc6 10. e5 dxe5 11. Bxc6+ bxc6 12. Qxc6+ Nd7 13. 0-0 Bd6 14. Nc3 a6 15. Be3 0-0 16. Rad1 Qe7 17. Ne4 Nf6 18. Nxd6 cxd6 19. Qxd6 Qxd6 20. Rxd6 Rfd8 21. Rfd1 Rxd6 22. Rxd6 Kf8 23. Bc5 Ke8 24. Rd5 Nxd5 25. Bd6 Rc8 26. h3 e4 27. Kf1 Rc2 28. Be5 f6 29. Bg3 e3 30. fxe3 Nxe3+ 31. Ke1 Kd7 32. Bf2 Nxg2+ 33. Kf1 Nf4 34. Be3 g5 35. Ke1 Nd3+ 36. Kd1 Rxb2 37. a3 Ke6 38. a4 Kd5 39. h4 Ke4 40. hxg5 Kxe3 0-1